000 00515nam a2200157 4500
001 133009
003 ES-MaACL
005 20230906194313.0
007 t|
008 070214s1912 fr r ||||1| fre d
100 1 _aRoz, Firmin.
_9100243
245 1 3 _aLe roman anglais contemporaine
_b: George Meredith, Thomas Hardy, Mme. Humpry Ward, Rudyard Kipling, H. G. Wells /
_cFirmin Roz.
260 _aParis :
_b[s. n.],
_c1912 (
_eCorbeil :
_fCrété)
300 _a284 p. ;
_c18 x 12 cm.
852 _aES-MaACL
_jG-15860
999 _c133009
_d133009